<?xml version="1.0" encoding="UTF-8"?>
<record
    xmlns:xsi="http://www.w3.org/2001/XMLSchema-instance"
    xsi:schemaLocation="http://www.loc.gov/MARC21/slim http://www.loc.gov/standards/marcxml/schema/MARC21slim.xsd"
    xmlns="http://www.loc.gov/MARC21/slim">

  <leader>01037na  a2200289   4500</leader>
  <controlfield tag="001">16400</controlfield>
  <controlfield tag="003">MIRAKIL</controlfield>
  <controlfield tag="005">20181213155220.0</controlfield>
  <controlfield tag="008">161005b        tu            000 0      </controlfield>
  <datafield tag="035" ind1=" " ind2=" ">
    <subfield code="a">16400</subfield>
  </datafield>
  <datafield tag="040" ind1=" " ind2=" ">
    <subfield code="a">Milas</subfield>
    <subfield code="b">tur</subfield>
    <subfield code="c">TR-AnCHP</subfield>
  </datafield>
  <datafield tag="041" ind1=" " ind2=" ">
    <subfield code="a">tur</subfield>
  </datafield>
  <datafield tag="082" ind1=" " ind2=" ">
    <subfield code="a">324.216</subfield>
    <subfield code="b">S67 1995</subfield>
  </datafield>
  <datafield tag="090" ind1=" " ind2=" ">
    <subfield code="a">324.216 S67 1995</subfield>
  </datafield>
  <datafield tag="245" ind1=" " ind2=" ">
    <subfield code="a">Sosyal G&#xFC;venlik ve &#xE7;al&#x131;&#x15F;ma hayat&#x131;n&#x131;n sorunlar&#x131;</subfield>
    <subfield code="c">Anavatan Partisi Sosyal &#x130;li&#x15F;kiler Ba&#x15F;kanl&#x131;&#x11F;&#x131;</subfield>
  </datafield>
  <datafield tag="246" ind1=" " ind2=" ">
    <subfield code="a">&#xC7;al&#x131;&#x15F;ma hayat&#x131;n&#x131;n sorunlar&#x131;</subfield>
  </datafield>
  <datafield tag="260" ind1=" " ind2=" ">
    <subfield code="a">Ankara</subfield>
    <subfield code="b">Anavatan Partisi</subfield>
    <subfield code="c">1995</subfield>
  </datafield>
  <datafield tag="300" ind1=" " ind2=" ">
    <subfield code="a">236 s.</subfield>
    <subfield code="c">24 sm.</subfield>
  </datafield>
  <datafield tag="490" ind1=" " ind2=" ">
    <subfield code="a">Anavatan Partisi Sosyal &#x130;li&#x15F;kiler Ba&#x15F;kanl&#x131;&#x11F;&#x131;</subfield>
    <subfield code="v">2</subfield>
  </datafield>
  <datafield tag="610" ind1=" " ind2=" ">
    <subfield code="a">Anavatan Partisi (ANAP)</subfield>
    <subfield code="x">Siyaset ve y&#xF6;netim</subfield>
    <subfield code="y">Sosyal g&#xFC;venlik </subfield>
  </datafield>
  <datafield tag="610" ind1=" " ind2=" ">
    <subfield code="a">Anavatan Partisi (ANAP)</subfield>
    <subfield code="x">Siyasal ve sosyal g&#xF6;r&#xFC;&#x15F;ler</subfield>
  </datafield>
  <datafield tag="610" ind1=" " ind2=" ">
    <subfield code="a">ANAP</subfield>
    <subfield code="x">&#x130;&#x15F;sizlik ve istihdam</subfield>
  </datafield>
  <datafield tag="650" ind1=" " ind2=" ">
    <subfield code="a">Sosyal g&#xFC;venlik </subfield>
    <subfield code="x">Hukuk ve mevzuat</subfield>
    <subfield code="y">&#xD6;neriler</subfield>
    <subfield code="z">T&#xFC;rkiye</subfield>
  </datafield>
  <datafield tag="650" ind1=" " ind2=" ">
    <subfield code="a">&#x130;&#x15F; hukuku</subfield>
    <subfield code="z">T&#xFC;rkiye</subfield>
  </datafield>
  <datafield tag="657" ind1=" " ind2=" ">
    <subfield code="a">ANAP&#x131;n sosyal g&#xFC;venlik &#xE7;al&#x131;&#x15F;ma ve &#xF6;nerileri</subfield>
  </datafield>
  <datafield tag="942" ind1=" " ind2=" ">
    <subfield code="2">ddc</subfield>
    <subfield code="c">BKS</subfield>
  </datafield>
  <datafield tag="952" ind1=" " ind2=" ">
    <subfield code="a">0001</subfield>
    <subfield code="b">0001</subfield>
    <subfield code="d">2016-10-05</subfield>
    <subfield code="e">2</subfield>
    <subfield code="l">0</subfield>
    <subfield code="o">324.216 S67 1995</subfield>
    <subfield code="p">006283</subfield>
    <subfield code="r">2016-10-05 00:00:00</subfield>
    <subfield code="v">0.00</subfield>
    <subfield code="w">2016-10-05</subfield>
    <subfield code="y">BKS</subfield>
  </datafield>
  <datafield tag="999" ind1=" " ind2=" ">
    <subfield code="c">8677</subfield>
    <subfield code="d">8677</subfield>
  </datafield>
</record>
